000 00599nam a2200181Ia 4500
008 151202s9999||||xx |||||||||||||| ||und||
082 _bPNVM-65947
100 _aचांदोरकर नीला.
245 _aएक दिवस अचानक.
260 _b"मधुरा प्रकाशन, मुंबई."
260 _c2007
300 _a316
600 _aचांदोरकर नीला.
630 _aएक दिवस अचानक.
700 _aचांदोरकर नीला.
730 _aएक दिवस अचानक.
942 _cBOOK
999 _c1332479
_d1332476